000 00739nam a22002057a 4500
999 _c15586
_d15586
003 AR-CdUCM
008 190411b ||||| |||| 00| 0 spa d
040 _aMUNICIPALIDAD PROVINCIAL DEL CUSCO
_cBIBLIOTECA MUNICIPAL DEL CUSCO
082 _a348.7 /
_bG85 / 1938
100 _aGuardia Mayorga, César. A
_917194
245 _aManual de legislación obrera del Perú /
260 _aArequipa :
_bBravo Mejia,
_c1938.
300 _a259 páginas ;
_c20 cm.
505 _aContenido: organismos técnicos y judiciales del trabajo -- Atribuciones -- Del trabajo en general -- Salario e indemnizaciones ...
650 _aDerecho
_9739
650 _aManual
_97438
650 _aObrera
_91986
942 _2ddc
_cLIBROS
945 _arah
_d29/04/2019